000 00683nam a22002057a 4500
999 _c192642
_d192642
005 20220928143222.0
010 _aB-745722
020 _a9789384385590
_c150.00
037 _bBooks Treasure
082 _a158.1
100 _aSadriwala, Mehzbeen
245 _aDon't Give Up:
_cMehzbeen Sadriwala
_bleaders do not chase comfort/
250 _a1st
260 _aJodhpur
_bBook Treasure
_c2021
270 _bJodhpur
_aB/H Agra Sweet Home
_e342001
_k0291-2657530
_mdemandabook@gmail.com
300 _a120p.
_c22cm (pbk)
700 _aSaifee, Rukhsana
942 _2ddc
_cEN
_h158.1
_mSAD